[Event "Ricany op"]
[Site "Ricany"]
[Date "2010.08.28"]
[Round "9"]
[White "Luzikova, Nicola"]
[Black "Vorisek, Martin"]
[Result "1/2-1/2"]
[WhiteElo "1740"]
[BlackElo "1899"]
[PlyCount "60"]
[EventDate "2010.08.21"]
[EventType "swiss"]
[EventRounds "9"]
[EventCountry "CZE"]
[SourceTitle "EXT 2022"]
[Source "ChessBase"]
[SourceDate "2021.10.06"]
[SourceVersion "1"]
[SourceVersionDate "2021.10.06"]
[SourceQuality "1"]

1. e4 c5 2. Nf3 d6 3. d4 cxd4 4. Nxd4 Nf6 5. Nc3 a6 6. Be3 e6 7. f3 b5 8. Qd2 Nbd7 9. 0-0-0 Bb7 10. g4 h6 11. h4 b4 12. Nce2 d5 13. exd5 Nxd5 14. Bf2 Be7 15. Bg2 Rc8 16. f4 N7b6 17. Bg3 Nc4 18. Qd3 Nce3 19. Bxd5 Nxd5 20. Rhe1 Bxh4 21. f5 0-0 22. fxe6 Bg5+ 23. Kb1 Ne3 24. exf7+ Rxf7 25. Ne6 Qxd3 26. Rxd3 Nxg4 27. Nxg5 hxg5 28. Kc1 Be4 29. Rd2 Nf6 30. Be5 Re7 1/2-1/2

[Event "Tabor op"]
[Site "Tabor"]
[Date "2010.08.07"]
[Round "8"]
[White "Bissig, Martin"]
[Black "Vorisek, Martin"]
[Result "0-1"]
[WhiteElo "1711"]
[BlackElo "1899"]
[PlyCount "58"]
[EventDate "2010.08.01"]
[EventType "swiss"]
[EventRounds "9"]
[EventCountry "CZE"]
[SourceTitle "EXT 2012"]
[Source "ChessBase"]
[SourceDate "2011.11.24"]
[SourceVersion "1"]
[SourceVersionDate "2011.11.24"]
[SourceQuality "1"]

1. e4 c5 2. Nf3 d6 3. d4 cxd4 4. Nxd4 Nf6 5. Nc3 a6 6. Be2 e6 7. 0-0 Be7 8. Be3 0-0 9. f4 Qc7 10. Qd2 b5 11. Rac1 b4 12. Na4 Nxe4 13. Qd3 Nc5 14. Nxc5 dxc5 15. Bf3 cxd4 16. Bxd4 Bb7 17. Be5 Qb6+ 18. Kh1 Rd8 19. Qe2 Nc6 20. f5 Nxe5 21. Bxb7 Qxb7 22. Qxe5 Rd2 23. Qg3 exf5 24. Rxf5 Rad8 25. Rcf1 f6 26. R5f3 Rxc2 27. Qg4 Rdd2 28. Rg3 Bd6 29. Qe6+ Qf7 0-1

[Event "Tabor op"]
[Site "Tabor"]
[Date "2010.08.05"]
[Round "6"]
[White "Vorisek, Martin"]
[Black "Sindelka, Vladimir"]
[Result "0-1"]
[WhiteElo "1899"]
[BlackElo "1634"]
[PlyCount "74"]
[EventDate "2010.08.01"]
[EventType "swiss"]
[EventRounds "9"]
[EventCountry "CZE"]
[SourceTitle "EXT 2012"]
[Source "ChessBase"]
[SourceDate "2011.11.24"]
[SourceVersion "1"]
[SourceVersionDate "2011.11.24"]
[SourceQuality "1"]

1. e4 e6 2. d4 d5 3. e5 c5 4. c3 Nc6 5. Nf3 cxd4 6. cxd4 Bb4+ 7. Nc3 Bd7 8. Bd3 Rc8 9. 0-0 Bxc3 10. bxc3 Na5 11. Bd2 Nc4 12. Bc1 Qa5 13. Qb3 Ne7 14. Bg5 Ng8 15. Rfc1 h6 16. Bd2 b6 17. a4 Ne7 18. Be1 0-0 19. Nd2 Qa6 20. Bf1 Rc7 21. Nxc4 dxc4 22. Qd1 Qc8 23. Rcb1 Nd5 24. Bd2 Qd8 25. Qh5 Kh7 26. g4 f6 27. f4 Qe8 28. Qh3 fxe5 29. fxe5 Nf4 30. Bxf4 Rxf4 31. Be2 Bxa4 32. g5 Qg6 33. Qg3 Bc2 34. Rb2 hxg5 35. Rba2 Rff7 36. Rc1 Bd3 37. Bg4 Bf5 0-1

[Event "Tabor op"]
[Site "Tabor"]
[Date "2010.08.04"]
[Round "5"]
[White "Dolezalova, Lada"]
[Black "Vorisek, Martin"]
[Result "0-1"]
[WhiteElo "1467"]
[BlackElo "1899"]
[PlyCount "74"]
[EventDate "2010.08.01"]
[EventType "swiss"]
[EventRounds "9"]
[EventCountry "CZE"]
[SourceTitle "EXT 2012"]
[Source "ChessBase"]
[SourceDate "2011.11.24"]
[SourceVersion "1"]
[SourceVersionDate "2011.11.24"]
[SourceQuality "1"]

1. d4 Nf6 2. c4 g6 3. Nc3 d5 4. Bg5 Bg7 5. Nf3 0-0 6. e3 c5 7. cxd5 cxd4 8. Nxd4 Nxd5 9. Nxd5 Qxd5 10. Bxe7 Re8 11. Bb4 Qxd4 12. Qxd4 Bxd4 13. Bb5 Nc6 14. 0-0-0 Bg7 15. Rd2 Be6 16. Kb1 Red8 17. Bxc6 Rxd2 18. Bxd2 bxc6 19. Rc1 Rb8 20. Bc3 Bxc3 21. Rxc3 Bd5 22. f3 f5 23. Ra3 Rb7 24. Ra4 Kg7 25. e4 fxe4 26. fxe4 Bf7 27. Ra3 Kf6 28. Re3 Ke5 29. a3 Rb3 30. Re1 Bc4 31. Kc2 Rd3 32. h3 Rd4 33. Kc3 Be6 34. b4 Rxe4 35. Rxe4+ Kxe4 36. a4 a6 37. a5 Kf4 0-1

[Event "Ricany op"]
[Site "Ricany"]
[Date "2009.08.26"]
[Round "6"]
[White "Vorisek, Martin"]
[Black "Macek, Kamil"]
[Result "1/2-1/2"]
[WhiteElo "1661"]
[BlackElo "1940"]
[PlyCount "89"]
[EventDate "2009.08.22"]
[EventType "swiss"]
[EventRounds "9"]
[EventCountry "CZE"]
[SourceTitle "CBM 131 Extra"]
[Source "ChessBase"]
[SourceDate "2009.09.03"]
[SourceVersion "2"]
[SourceVersionDate "2009.09.16"]
[SourceQuality "1"]

1. d4 Nf6 2. c4 e6 3. Nf3 b6 4. g3 Bb7 5. Bg2 Bb4+ 6. Bd2 Qe7 7. 0-0 0-0 8. Nc3 d6 9. Qc2 Nbd7 10. Rad1 Bxc3 11. Bxc3 Ne4 12. Ng5 Nxg5 13. Bxb7 Rab8 14. Bg2 f5 15. f4 Ne4 16. Bxe4 fxe4 17. Qxe4 Nf6 18. Qd3 d5 19. f5 c6 20. fxe6 Ne4 21. Rf3 Ng5 22. Rf5 Nh3+ 23. Kg2 Qxe6 24. Rdf1 h6 25. Qf3 Rfd8 26. cxd5 cxd5 27. Re5 Qd7 28. Qf5 Ng5 29. Qxd7 Rxd7 30. Rff5 Rbd8 31. Bb4 Nf7 32. Re7 Rxe7 33. Bxe7 Re8 34. Ba3 Rxe2+ 35. Kh3 Ng5+ 36. Kg4 Ne4 37. Rxd5 Rxh2 38. Rd8+ Kh7 39. Kf3 Nd2+ 40. Kf4 Nc4 41. Rd7 Nxa3 42. bxa3 Rxa2 43. Rxa7 Kg6 44. Ra6 Kf7 45. Rxb6 1/2-1/2

[Event "Ricany op-B"]
[Site "Ricany"]
[Date "2008.08.30"]
[Round "9"]
[White "Hrdina, Robin"]
[Black "Vorisek, Martin"]
[Result "0-1"]
[WhiteElo "1624"]
[BlackElo "1587"]
[PlyCount "120"]
[EventDate "2008.08.23"]
[EventType "swiss"]
[EventRounds "9"]
[EventCountry "CZE"]
[SourceTitle "CBM 126 Extra"]
[Source "ChessBase"]
[SourceDate "2008.11.05"]
[SourceVersion "1"]
[SourceVersionDate "2008.11.05"]
[SourceQuality "1"]

1. e4 c5 2. Nf3 e6 3. b3 Nc6 4. Bb2 a6 5. Be2 Nf6 6. d3 d5 7. exd5 exd5 8. d4 Bf5 9. a3 Be7 10. 0-0 0-0 11. Nbd2 Rc8 12. Nh4 Be6 13. dxc5 Nd7 14. Nhf3 Nxc5 15. Nd4 Nxd4 16. Bxd4 Bf5 17. Nf3 Ne6 18. c4 Nf4 19. cxd5 Bc2 20. Qd2 Nxe2+ 21. Qxe2 Bxb3 22. Qb2 Qxd5 23. Rab1 Ba4 24. Bxg7 Rc2 25. Qxb7 Qxb7 26. Rxb7 Kxg7 27. Rxe7 Ra2 28. Re3 Rb8 29. Nd4 Rbb2 30. Rf3 Rd2 31. Nf5+ Kf8 32. Rc3 f6 33. Rf3 Bc6 34. Rc3 Bb5 35. Rfc1 Rxf2 36. Rc8+ Kf7 37. Nd6+ Kg6 38. Rg8+ Kh6 39. Nf7+ Kh5 40. Nd6 Bc6 41. g4+ Kh4 42. Nf5+ Kh3 43. Rc3+ Rf3 44. Rxf3+ Bxf3 45. Rg7 Rxa3 46. Rxh7+ Kxg4 47. Nd4 Ra1+ 48. Kf2 Be4 49. Rg7+ Kh3 50. Re7 Ra5 51. Ne2 f5 52. Rg7 Ra2 53. Ke3 Kxh2 54. Rh7+ Kg2 55. Nf4+ Kf1 56. Rh6 Ra3+ 57. Kd4 Rf3 58. Nd5 Rd3+ 59. Kc4 Rxd5 60. Rxa6 Bd3+ 0-1

[Event "Ricany op-B"]
[Site "Ricany"]
[Date "2008.08.25"]
[Round "4"]
[White "Vorisek, Martin"]
[Black "Brezinova, Jana"]
[Result "1/2-1/2"]
[WhiteElo "1587"]
[BlackElo "1496"]
[PlyCount "85"]
[EventDate "2008.08.23"]
[EventType "swiss"]
[EventRounds "9"]
[EventCountry "CZE"]
[SourceTitle "CBM 126 Extra"]
[Source "ChessBase"]
[SourceDate "2008.11.05"]
[SourceVersion "1"]
[SourceVersionDate "2008.11.05"]
[SourceQuality "1"]

1. e4 e5 2. Nf3 Nc6 3. Bc4 Bc5 4. c3 Nf6 5. d4 exd4 6. cxd4 Bb4+ 7. Nc3 Nxe4 8. 0-0 Bxc3 9. d5 0-0 10. dxc6 Bf6 11. Qd5 Nd6 12. Bd3 dxc6 13. Qh5 g6 14. Qh6 Bg7 15. Qf4 Qf6 16. Qg3 Re8 17. Bg5 Qe6 18. h3 Bxb2 19. Rae1 Qd7 20. Rxe8+ Qxe8 21. Re1 Be6 22. Qh4 Qd7 23. Ne5 Bxe5 24. Rxe5 Nf5 25. Bxf5 Bxf5 26. Re7 Qd1+ 27. Kh2 Qh5 28. Qf4 Qd1 29. Qe5 Qd6 30. Bf4 Qxe5 31. Bxe5 Rc8 32. Bxc7 Be6 33. a3 a6 34. Be5 h5 35. Rxb7 Bc4 36. Rc7 Rxc7 37. Bxc7 Kf8 38. Kg3 Ke7 39. Kf4 Ke6 40. h4 Bd3 41. Ke3 Bc4 42. Kd4 Bb5 43. g3 1/2-1/2

[Event "Ricany op-B"]
[Site "Ricany"]
[Date "2008.08.24"]
[Round "2"]
[White "Vorisek, Martin"]
[Black "Pospisil, Petr"]
[Result "0-1"]
[WhiteElo "1587"]
[BlackElo "1717"]
[PlyCount "68"]
[EventDate "2008.08.23"]
[EventType "swiss"]
[EventRounds "9"]
[EventCountry "CZE"]
[SourceTitle "CBM 126 Extra"]
[Source "ChessBase"]
[SourceDate "2008.11.05"]
[SourceVersion "1"]
[SourceVersionDate "2008.11.05"]
[SourceQuality "1"]

1. e4 c5 2. Nf3 d6 3. d4 cxd4 4. Nxd4 Nf6 5. Nc3 a6 6. Be2 e6 7. 0-0 b5 8. Bf3 Ra7 9. Be3 Rd7 10. a3 Bb7 11. Qd3 Qc8 12. Rad1 Nc6 13. Nxc6 Bxc6 14. Rfe1 Qb7 15. Bf4 Be7 16. g4 0-0 17. g5 Ne8 18. h4 e5 19. Bc1 Nc7 20. Bg4 Rdd8 21. Qh3 Ne8 22. h5 Bd7 23. Bf5 g6 24. Nd5 Bxf5 25. exf5 gxf5 26. Qxf5 Ng7 27. Nf6+ Bxf6 28. Qxf6 Nxh5 29. Qh6 Ng7 30. Rd3 Qd7 31. Rxe5 Qg4+ 32. Rg3 Qd1+ 33. Kg2 dxe5 34. Rh3 Qxc2 0-1